000 00743nam a2200289Ia 4500
001 8673
005 20240113234127.0
007 ta
008 050720s1999 a g b000 u eng u
020 _a81-7457-101-9
040 _aCotton College,Assam
041 _aeng
082 _a370
_bPa 192 Pr
100 _aPandey, Ram Shakal.
245 0 _aPrinciples of Education /
_cRam Shakal Pandey.
_hTextual Documents
250 _aRev.ed. /
260 _aAgra :
_bVinod Pustak Mandir ,
_c1999.
300 _axvi,384p. :
_bill. ;
_c21cm. .
653 _aEducation
653 _aPG-Education
653 _aG-Education
942 _2ddc
_cBK
999 _c8660
_d8660